000 00951nam a22001817a 4500
999 _c63287
_d63287
005 20250724113024.0
008 250724s2010 en ||||| |||| 00| 0 eng d
020 _a9781849051262 X
041 _aeng
080 _a616.896 Bo-69
100 _aBo Hejlskov Elvén
_925685
245 _aNo fighting, no biting, no screaming :
_bhow to make behaving positively possible for people with autism and other developmental /
_cHejlskov Elvén, Bo
264 _aLondon :
_bJessica Kingsley,
_c2010.
300 _a240 p.:
_b23 cm.
653 _aFighting, biting, screaming and other behaviours that challenge are often triggered by unsuitable surroundings or unrealistic demands. In this fresh and enlightening approach, Bo Hejlskov ElvTn shows how identifying and examining these problem. areas can dramatically improve behaviour in people with autism and other developmental disabilities
653 _aმედიცინა
942 _2udc
_cᲬᲘᲒᲜᲘ